<?xml version="1.0" encoding="UTF-8"?><?xml-stylesheet type="text/xsl" href="static/style.xsl"?><OAI-PMH xmlns="http://www.openarchives.org/OAI/2.0/" xmlns:xsi="http://www.w3.org/2001/XMLSchema-instance" xsi:schemaLocation="http://www.openarchives.org/OAI/2.0/ http://www.openarchives.org/OAI/2.0/OAI-PMH.xsd"><responseDate>2026-06-29T02:42:55Z</responseDate><request verb="GetRecord" identifier="oai:docta.ucm.es:20.500.14352/115614" metadataPrefix="marc">https://docta.ucm.es/rest/oai/request</request><GetRecord><record><header><identifier>oai:docta.ucm.es:20.500.14352/115614</identifier><datestamp>2025-03-18T15:58:55Z</datestamp><setSpec>com_20.500.14352_14</setSpec><setSpec>col_20.500.14352_15</setSpec></header><metadata><record xmlns="http://www.loc.gov/MARC21/slim" xmlns:dcterms="http://purl.org/dc/terms/" xmlns:xsi="http://www.w3.org/2001/XMLSchema-instance" xmlns:doc="http://www.lyncode.com/xoai" xsi:schemaLocation="http://www.loc.gov/MARC21/slim http://www.loc.gov/standards/marcxml/schema/MARC21slim.xsd">
   <leader>00925njm 22002777a 4500</leader>
   <datafield ind2=" " ind1=" " tag="042">
      <subfield code="a">dc</subfield>
   </datafield>
   <datafield ind2=" " ind1=" " tag="720">
      <subfield code="a">Díaz-Tendero Bollaín, Aída</subfield>
      <subfield code="e">author</subfield>
   </datafield>
   <datafield ind2=" " ind1=" " tag="260">
      <subfield code="c">2016</subfield>
   </datafield>
   <datafield ind2=" " ind1=" " tag="520">
      <subfield code="a">Ante el envejecimiento desigual que se espera en las próximas décadas en América Central y el Caribe en este trabajo se presenta un estudio sociodemográfico mediante el cual se pretende confirmar las hipótesis de su vulnerabilidad demográfica. Con ese propósito se utilizó el método comparativo en sus dos versiones: confrontación de fenómenos análogos y comparación de puntos de vista diferentes del mismo fenómeno, a partir de indicadores sociodemográficos aplicados a una muestra formada por nueve países de América Central y las Antillas Mayores. Se confirman las hipótesis de la velocidad del proceso de envejecimiento y carga que representan las poblaciones infanto-juveniles, mas no se confirma la relación inversa entre grado de envejecimiento y porcentaje de personas viviendo en situación de pobreza.</subfield>
   </datafield>
   <datafield ind1="8" ind2=" " tag="024">
      <subfield code="a">Aída Díaz-Tendero Bollain. «Envejecimiento de la población en América Central y Antillas Mayores desde el enfoque de la vulnerabilidad demográfica». Revista Mexicana del Caribe, vol. 1, n.o 22, febrero de 2017, pp. 112-36. https://doi.org/10.22403/UQROOMX/RMC22/04.</subfield>
   </datafield>
   <datafield ind1="8" ind2=" " tag="024">
      <subfield code="a">2448-7163</subfield>
   </datafield>
   <datafield ind1="8" ind2=" " tag="024">
      <subfield code="a">10.22403/UQROOMX/RMC22/04</subfield>
   </datafield>
   <datafield ind1="8" ind2=" " tag="024">
      <subfield code="a">https://hdl.handle.net/20.500.14352/115614</subfield>
   </datafield>
   <datafield ind1="8" ind2=" " tag="024">
      <subfield code="a">https://doi.org/10.22403/UQROOMX/RMC22/04</subfield>
   </datafield>
   <datafield ind2="0" ind1="0" tag="245">
      <subfield code="a">Envejecimiento en la subregión de América Central y Antillas Mayores desde el enfoque de la vulnerabilidad demográfica</subfield>
   </datafield>
</record></metadata></record></GetRecord></OAI-PMH>